Open Data Biblioteca Nacional de Portugal


República Portuguesa: Ministério da Cultura
Biblioteca Nacional de Portugal

Catálogo da BNP: acesso por Identificadores Unívocos
Registos Bibliográficos associados ao registo de autoridade

Etiqueta de registo: 00000nkm 2200025 450
001 2274635
003 http://id.bnportugal.gov.pt/bib/catbnp/2274635
100 ## $a20260303d1990 m y0pory01030103ba
101 0# $apor
102 ## $aPT
200 1# $aMadredeus, 2 setembro, Parque Municipal da Guarda$bVisual gráfico]$fCâmara Municipal da Guarda
210 #9 $aGuarda$cCâmara Municipal da Guarda,$d1990$eGuarda :$gMarques & Pereira, Lda.)
215 ## $a1 cartaz$ccolor.$d42,9x30,4 cm
317 ## $aColeção Madeira Luís
710 12 $aFesta Internacional dos Jogos,$d4,$eGuarda,$f1990$31649029
712 02 $aCâmara Municipal da Guarda$4557$38600
801 #0 $aPT$bBN$gRPC
966 ## $lBN$mICONOG$sCT. 15626 V.$x3
971 ## $cCaticonografia2$d20260303
995 ## $aPRR2026

OpendataBNP@bnportugal.pt | Mais informação sobre acesso aos dados BNP